MARC details
| 000 -LEADER |
| fixed length control field |
01524cam a2200397 i 4500 |
| 001 - CONTROL NUMBER |
| control field |
200435980 |
| 003 - CONTROL NUMBER IDENTIFIER |
| control field |
TR-AnTOB |
| 005 - DATE AND TIME OF LATEST TRANSACTION |
| control field |
20260121093524.0 |
| 008 - FIXED-LENGTH DATA ELEMENTS--GENERAL INFORMATION |
| fixed length control field |
110309s2011 enk b 001 0 eng c |
| 010 ## - LIBRARY OF CONGRESS CONTROL NUMBER |
| LC control number |
2011288186 |
| 015 ## - NATIONAL BIBLIOGRAPHY NUMBER |
| National bibliography number |
GBB093393 |
| Source |
bnb |
| 016 7# - NATIONAL BIBLIOGRAPHIC AGENCY CONTROL NUMBER |
| Record control number |
015619411 |
| Source |
Uk |
| 020 ## - INTERNATIONAL STANDARD BOOK NUMBER |
| International Standard Book Number |
9781841138541 (pbk.) |
|
| International Standard Book Number |
1841138541 (pbk.) |
| 035 ## - SYSTEM CONTROL NUMBER |
| System control number |
(OCoLC)ocn694228059 |
| 040 ## - CATALOGING SOURCE |
| Original cataloging agency |
NLE |
| Language of cataloging |
eng |
| Description conventions |
rda |
| Transcribing agency |
NLE |
| Modifying agency |
UKM |
| -- |
BTCTA |
| -- |
YDXCP |
| -- |
GWL |
| -- |
CDX |
| -- |
BWK |
| -- |
BWX |
| -- |
YLS |
| -- |
DLC |
| -- |
TR-AnTOB |
| 041 0# - LANGUAGE CODE |
| Language code of text/sound track or separate title |
İngilizce |
| 042 ## - AUTHENTICATION CODE |
| Authentication code |
pcc |
| 043 ## - GEOGRAPHIC AREA CODE |
| Geographic area code |
e-fi--- |
| 050 00 - LIBRARY OF CONGRESS CALL NUMBER |
| Classification number |
KJT2070 |
| Item number |
.H87 2011 |
| 090 ## - LOCALLY ASSIGNED LC-TYPE CALL NUMBER (OCLC); LOCAL CALL NUMBER (RLIN) |
| Classification number (OCLC) (R) ; Classification number, CALL (RLIN) (NR) |
KJT2070 |
| Local cutter number (OCLC) ; Book number/undivided call number, CALL (RLIN) |
.H87 2011 |
| 100 1# - MAIN ENTRY--PERSONAL NAME |
| Personal name |
Husa, Jaakko |
| Relator term |
author |
| 9 (RLIN) |
151971 |
| 245 14 - TITLE STATEMENT |
| Title |
The Constitution of Finland : |
| Remainder of title |
a contextual analysis / |
| Statement of responsibility, etc. |
Jaakko Husa. |
| 264 #1 - PRODUCTION, PUBLICATION, DISTRIBUTION, MANUFACTURE, AND COPYRIGHT NOTICE |
| Place of production, publication, distribution, manufacture |
Oxford ; |
| -- |
Portland, Or. : |
| Name of producer, publisher, distributor, manufacturer |
Hart Publishing, |
| Date of production, publication, distribution, manufacture, or copyright notice |
2011. |
| 300 ## - PHYSICAL DESCRIPTION |
| Extent |
xvi, 254 pages ; |
| Dimensions |
22 cm |
| 336 ## - CONTENT TYPE |
| Source |
rdacontent |
| Content type term |
text |
| Content type code |
txt |
| 337 ## - MEDIA TYPE |
| Source |
rdamedia |
| Media type term |
unmediated |
| Media type code |
n |
| 338 ## - CARRIER TYPE |
| Source |
rdacarrier |
| Carrier type term |
volume |
| Carrier type code |
nc |
| 490 0# - SERIES STATEMENT |
| Series statement |
Constitutional systems of the world |
| 504 ## - BIBLIOGRAPHY, ETC. NOTE |
| Bibliography, etc. note |
|
| 505 0# - FORMATTED CONTENTS NOTE |
| Formatted contents note |
Constitution in general context -- Institutional design -- Legislative power : the parliament -- Executive power -- Decentralised government -- Judicial institutions and their functions -- Fundamental rights and their protection -- Changing the Constitution -- Challenges and future directions. |
| 650 #0 - SUBJECT ADDED ENTRY--TOPICAL TERM |
| Topical term or geographic name entry element |
Constitutional law |
| Geographic subdivision |
Finland |
| 9 (RLIN) |
39581 |
| 942 ## - ADDED ENTRY ELEMENTS (KOHA) |
| Source of classification or shelving scheme |
Library of Congress Classification |
| Koha item type |
Book |